Estado, derecho y economa̕

Detalles Bibliográficos
Autor principal: Grijalva, Agustn̕
Formato: eBook
Lenguaje:español
Publicado: Quito: Corporacin̤ Editoria Nacional, 2013
Materias:
Acceso en línea:Acceso restringido

MARC

LEADER 00000nam a22000007a 4500
005 20140715003153.0
007 cr|||| ||||
008 140715s2013 ec |||||s|||| 00||0 spa d
020 |a 978-9978-84-667-4 
035 |a 12280 
040 |a vLex 
090 |c 5058  |d 5058 
100 1 |a Grijalva, Agustn̕ 
245 1 0 |a Estado, derecho y economa̕  |h [Recurso electrn̤ico] /  |c Agustn̕ Grijalva 
256 |a Servicio en ln̕ea 
260 |a Quito:  |b Corporacin̤ Editoria Nacional,  |c 2013 
300 |a 1 recurso electrn̤ico 
506 1 |a Disponible solo en los productos indicados  |d vLex Global  |d vLex Global (Academic Edition, excluding Law Schools)  |d vLex Global (U.S. Academic Edition, Law Schools)  |d vLex Global (U.S. Academic Edition, excluding Law Schools)  |d vLex Global (Academic Edition, Law Schools) 
650 0 4 |a Derecho Civil  |z Ecuador 
740 0 |a vLex Libros (Servicio en ln̕ea) 
856 4 0 |u http://vlex.com/source/estado-derecho-y-economia-12280  |z Acceso restringido 
942 |c BOOK 
999 0 |a Civil Law